000 00384nam a2200157Ia 4500
005 20250425022133.0
008 240331s9999 xx 000 0 und d
020 _a9552030188
082 _bJAY
_a891
100 _aJayathilake,N.R
245 0 _aSenehelatha gahaniyak wuuwaya
260 _aColombo
_bGodage & Samagama
_c1998
300 _a94 p .,
650 _ashort Story
942 _cL
999 _c4807
_d4807